مناهج الرياضيات وأساليب تدريسها للصفوف الرئيسية / (رقم التسجيلة. 116281)

تفاصيل مارك
000 -الفاتح
عناصر البيانات ثابتة الطول 00855cam a2200217 i 4500
005 - تاريخ ووقت آخر معاملة
حقل ضبط 20260203120948.0
008 - عناصر البيانات ثابتة الطول
عناصر البيانات ثابتة الطول 250721s2009 jo gr 000 0 ara d
020 ## - الترقيم الدولي المعياري للكتب (ردمك)
الترقيم الدولي المعياري للكتب (ردمك) 9957501151
082 14 - رقم تصنيف ديوي العشري
رقم التصنيف 372.7
رقم المادة ر ا ش
100 1# - مدخل رئيسي – اسم شخصي
الاسم الشخصي راشد، محمد إبراهيم
علاقة الشخص بالعمل/ دوره مؤلف.
245 10 - بيان العنوان
العنوان مناهج الرياضيات وأساليب تدريسها للصفوف الرئيسية /
بيان المسؤولية الدكتور محمد ابراهيم راشد، الدكتور خالد حلمي خشان.
250 ## - بيان الطبعة
بيان الطبعة الطبعة الأولى.
264 31 - بيانات النشر، التوزيع…إلخ
مكان النشر، التوزيع...إلخ عمان :
اسم الناشر، الموزع...إلخ دار الجنادرية للنشر والتوزيع،
تاريخ النشر، التوزيع...إلخ 2009.
300 ## - الوصف المادي
عدد الوحدات المكونة للوعاء 296 صفحة.
650 17 - مدخل إضافي بالموضوع - مصطلح موضوعي
مصطلح موضوعي أو اسم جغرافي كعنصر مدخل المناهج.
650 17 - مدخل إضافي بالموضوع - مصطلح موضوعي
مصطلح موضوعي أو اسم جغرافي كعنصر مدخل التدريس.
650 17 - مدخل إضافي بالموضوع - مصطلح موضوعي
مصطلح موضوعي أو اسم جغرافي كعنصر مدخل الرياضيات.
700 1# - مدخل إضافي - اسم شخصي
الاسم الشخصي خشان، خالد حلمي
علاقة الشخص بالعمل/ دوره مؤلف.
942 ## - بيانات إضافية (كوها)
نوع التنصيف Dewey Decimal Classification
نوع المادة (كوها) كتب
المقتنيات
حالة السحب حالة الفقدان مصدر التصنيف حالة التلف غير قابل للإعارة المكتبة الرئيسية المكتبة الحالية موقع الرف تاريخ التزويد الرقم المتسلسل Total Checkouts رقم الإستدعاء تاريخ آخر ظهور تاريخ الفاتورة نوع المادة (كوها) الباركود
    Dewey Decimal Classification     المكتبة المركزية المكتبة المركزية مقتنيات قسم التزويد 28/07/2025 1259973   372.7/راش 28/07/2025 28/07/2025 كتب  
    Dewey Decimal Classification     المكتبة المركزية المكتبة المركزية مقتنيات قسم التزويد 28/07/2025 1259974   372.7/راش 28/07/2025 28/07/2025 كتب  
    Dewey Decimal Classification     المكتبة المركزية المكتبة المركزية مقتنيات قسم التزويد 28/07/2025 1259975   372.7/راش 28/07/2025 28/07/2025 كتب  
    Dewey Decimal Classification     المكتبة المركزية المكتبة المركزية مقتنيات قسم التزويد 28/07/2025 1259976   372.7/راش 28/07/2025 28/07/2025 كتب  
    Dewey Decimal Classification     المكتبة المركزية المكتبة المركزية مقتنيات قسم التزويد 28/07/2025 1259977   372.7/راش 28/07/2025 28/07/2025 كتب  
    Dewey Decimal Classification     المكتبة المركزية المكتبة المركزية مقتنيات قسم التزويد 28/07/2025 1259979   372.7/راش 28/07/2025 28/07/2025 كتب  
    Dewey Decimal Classification     المكتبة المركزية المكتبة المركزية الإعارة 07/09/2016 1627788   372.7 / ر ا ش 28/07/2025 07/09/2016 كتب PLD00395327
    Dewey Decimal Classification     مكتبة أبو علندا العامة مكتبة أبو علندا العامة الإعارة 14/02/2009 1259980   372.7/راش 28/07/2025 14/02/2009 كتب PLD00072535
    Dewey Decimal Classification     مكتبة أم قصير والمقابلين العامة مكتبة أم قصير والمقابلين العامة الإعارة 14/02/2009 1259987   372.7/راش 28/07/2025 14/02/2009 كتب PLD00072542
    Dewey Decimal Classification     مكتبة الأميرة ايمان العامة مكتبة الأميرة ايمان العامة الإعارة 14/02/2009 1259981   372.7/راش 28/07/2025 14/02/2009 كتب PLD00072536
    Dewey Decimal Classification     مكتبة الاميرة بديعة مكتبة الاميرة بديعة الإعارة 14/02/2009 1259982   372.7/راش 28/07/2025 14/02/2009 كتب PLD00072537
    Dewey Decimal Classification     مكتبة الجويدة مكتبة الجويدة الإعارة 14/02/2009 1259983   372.7/راش 28/07/2025 14/02/2009 كتب PLD00072538
    Dewey Decimal Classification     مكتبة الجويدة مكتبة الجويدة الإعارة 17/07/2018 1679304   372.7/راش 28/07/2025 17/07/2018 كتب PLD00423516
    Dewey Decimal Classification     مكتبة النصر العامة مكتبة النصر العامة الإعارة 14/02/2009 1259985   372.7/راش 28/07/2025 14/02/2009 كتب PLD00072540
    Dewey Decimal Classification     مكتبة وادي السير العامة مكتبة وادي السير العامة الإعارة 14/02/2009 1259993   372.7/راش 28/07/2025 14/02/2009 كتب PLD00072548
Implemented & Customized by: BBB with SCIT (Smart Chains for Information Technology)

Powered by Koha